| 000 | 03122nkm0a2200517 4500 | ||
|---|---|---|---|
| 001 | RU\NLR\BIBL_A\011391981 | ||
| 005 | 20250809152637.0 | ||
| 035 | _a(NLR Aleph) 011391981 | ||
| 090 |
_a84805 _c84805 |
||
| 100 | _a20250809 rusy50 | ||
| 101 | 0 | _arus | |
| 102 | _aRU | ||
| 116 | _afiybxx xx zz | ||
| 135 | _acrcn 024anaba | ||
| 200 | 1 |
_aЛивадия _bИзоматериал _e[саркофаг _eфотография] |
|
| 210 | _d[Между 1924 и 1941] | ||
| 215 |
_a1 л. _d9,4х13,9 |
||
| 316 |
_aЭкз. РНБ на шифре Э ОТ63/Л554, Э030230: на оборот. стороне штамп: "Ялтинский музей краеведения" _5NLR: Э ОТ63/Л554 |
||
| 325 | 1 | _aКопия доступна в электронной библиотеке РНБ | |
| 327 | 0 | _aФонтан перед дворцом в Ливадии - античный саркофаг | |
| 601 | 0 | 2 |
_aЛивадия, курорт _jФотографии _2nlr_sh1 _3RU\NLR\AUTH\66672145 |
| 606 | 1 |
_aФотография художественная _yСССР _z1920 - 1930-ые гг. _2nlr_sh2 _3RU\NLR\AUTH\6601613458 |
|
| 606 | 1 |
_aСаркофаги _jФотографии _2nlr_sh1 _3RU\NLR\AUTH\66328546 |
|
| 606 | 1 |
_aФонтаны _jФотографии _2nlr_sh2 _3RU\NLR\AUTH\661582884 |
|
| 607 |
_aЛивадия, поселок городского типа (Крым) _jФотографии _2nlr_sh1 _2nlr_sh2 _3RU\NLR\AUTH\66629427 |
||
| 610 | 1 | _aВидовые фотографии | |
| 617 |
_aСССР _bКрымская АССР _dЛивадия |
||
| 617 | _mКрым, полуостров | ||
| 689 | 0 | _aЩ163(2)7 | |
| 712 | 0 | 2 |
_aЯлтинский краеведческий музей _3RU\NLR\AUTH\8810055220 _4570 |
| 830 | _aГраница датировки фотографии: 1924 - "в 1918 году музей был преобразован в самостоятельный Ялтинский естественно-исторический. В 1924 году был переименован в музей краеведения" (http://cityalta.ru/ялтинский-историко-литературный-музей.html, 22.09.2017). А.Я. ОЭст | ||
| 830 | _aСаркофаг: см. запись 011391984. А.Я. ОЭст | ||
| 852 | 0 | 0 |
_aNLR _bЭ _jОТ63/Л554 _mЭ030230 |
| 856 | 0 | _uhttp://vivaldi.nlr.ru/lo000010007/view | |
| 856 | 1 | _uhttp://vivaldi.nlr.ru/lo000010007/cover | |
| 856 | 2 | _uhttp://vivaldi.nlr.ru/lo000010007/text | |
| 901 | _eИзографические материалы | ||
| 942 | _cVISUAL | ||
| 945 | _aРоссийская национальная библиотека | ||
| 980 | _aBV | ||
| 980 | _aCrimea | ||
| 981 | 4 | 8 | _a(48) Крым: история в документах |
| 981 | 1 | 7 |
_a(17) Изографические материалы _b(17) Открытки |